书目信息 |
| 题名: |
珍珠
|
|
| 作者: | 马特林斯 著 ;李雯 , 王琳 译 | |
| 分册: | ||
| 出版信息: | 北京 中国友谊出版公司 2016.12 |
|
| 页数: | 247页 | |
| 开本: | 24cm | |
| 丛书名: | ||
| 单 册: | ||
| 中图分类: | S966.23 | |
| 科图分类: | ||
| 主题词: | 珍珠--基本知识 | |
| 电子资源: | ||
| ISBN: | 978-7-5057-3921-5 | |
| 000 | 01126nam0 2200289 450 | |
| 001 | 5095 | |
| 005 | 20181014100636.11 | |
| 010 | @a978-7-5057-3921-5@dCNY98.00 | |
| 100 | @a20170905d2016 em y0chiy50 ea | |
| 101 | @achi@ceng | |
| 102 | @aCN@b110000 | |
| 105 | @aa z 000yy | |
| 200 | 1 | @a珍珠@9zhen zhu@dThe pearl book@f(美)安托瓦内特·马特林斯著@g李雯,王琳译@zeng |
| 210 | @a北京@c中国友谊出版公司@d2016.12 | |
| 215 | @a247页@c图,照片@d24cm | |
| 300 | @a权威购买指南 | |
| 305 | @a据原书第4版译出 | |
| 314 | @a安托瓦内特·马特林斯 (Antoinette Matlins),女,是珠宝首饰这一领域拥有世界上最多读者的作家。作为一位专业的珠宝首饰消费倡导者,马特林斯获得了广泛的认可。 | |
| 330 | @a本书就珍珠的挑选、购买、穿戴和保养方面提供了最专业的知识和建议,包括珍珠的挑选、定价和保养中值得重点考虑的因素,可以说包括了关于珍珠的所有知识。 | |
| 510 | 1 | @aPearl book@zeng |
| 606 | 0 | @a珍珠@x基本知识 |
| 690 | @aS966.23@v5 | |
| 701 | 0 | @c(美)@a马特林斯@9ma te lin si@c(Matlins, Antoinette)@4著 |
| 702 | 0 | @a李雯@9li wen@4译 |
| 702 | 0 | @a王琳@9wang lin@4译 |
| 801 | 0 | @aCN@b91MARC@c20170905 |
| 905 | @aMuseLib@dS966.23@e54 | |
| 珍珠=The pearl book/(美)安托瓦内特·马特林斯著/李雯,王琳译.-北京:中国友谊出版公司,2016.12 |
| 247页:图,照片;24cm |
| 权威购买指南 |
| ISBN 978-7-5057-3921-5:CNY98.00 |
| 本书就珍珠的挑选、购买、穿戴和保养方面提供了最专业的知识和建议,包括珍珠的挑选、定价和保养中值得重点考虑的因素,可以说包括了关于珍珠的所有知识。 |
| ● |
| 相关链接 |
|
|
|
|
正题名:珍珠
索取号:S966.23/54
 
预约/预借
| 序号 | 登录号 | 条形码 | 馆藏地/架位号 | 状态 | 备注 |
| 1 | 1128099 | 211280996 | 第二样本阅览室/ [索取号:S966.23/54] | 在馆 | |
| 2 | 1128100 | 211281003 | 第三借阅区/ [索取号:S966.23/54] | 在馆 | |
| 3 | 1128101 | 211281012 | 生命科学系资料室/ [索取号:S966.23/54] | 在馆 | |
| 4 | 1128102 | 211281021 | 第三借阅区/ [索取号:S966.23/54] | 在馆 | |
| 5 | 1128103 | 211281030 | 第三借阅区/ [索取号:S966.23/54] | 在馆 |